00387nam a2200109Ia 4500008004100000100002200041245004700063260006400110300001800174650001500192856007000207160712s9999 xx 000 0 und d aIck, Judy Celine. cJudy Celine IckaTenure: A Heraclitan Feat c2014bJournal of English Studies and Comparative Literature avol. 14 no. 1 xLITERATURE uhttp://journals.upd.edu.ph/index.php/jescl/issue/view/472/showToc